Penser-faire: quand des architectes se mêlent de construction = Thinking-making: when architects engage in construction

Salvato in:
Dettagli Bibliografici
Autore principale: Lefebvre, Pauline (direction et édition)
Altri autori: Neuwels, Julie (direction et édition), Possoz, Jean-Philippe (direction et édition)
Natura: Libro
Lingua:inglese
Pubblicazione: Bruxelles, Belgique: Éditions de l'Université de Bruxelles, 2021
Edizione:Edición Bilingüe
Serie:Architecture, Urbanisme, Paysagisme
Soggetti:
Tags: Aggiungi Tag
Nessun Tag, puoi essere il primo ad aggiungerne!!

MARC

LEADER 00000nam a22000007a 4500
003 CL-VaPUC
005 20220613083959.0
008 220524b2021 ||||| |||| 00| 0 eng d
999 |c 435712  |d 435710 
020 |a 978-2-8004-1757-8 
040 |c Pontificia Universidad Católica de Valparaíso 
082 7 |a 720.1 LEF 2021  |2 22 
100 1 |a Lefebvre, Pauline  |e direction et édition  |9 869752 
245 |a Penser-faire: quand des architectes se mêlent de construction = Thinking-making: when architects engage in construction 
250 |a Edición Bilingüe 
260 |a Bruxelles, Belgique:  |b Éditions de l'Université de Bruxelles,  |c 2021 
300 |a 220 páginas 
490 |a Architecture, Urbanisme, Paysagisme 
500 |a c.1 Donación Profesor Alvaro Mercado. Memo ARQ 07/2022. 10-05-2022 
583 |c 20220524  |k Catalogador Asistente 
650 |a Arquitectura   |x Estudio y enseñanza   |9 870307 
650 |a Arquitectura práctica   |9 870308 
700 |a Neuwels, Julie  |e direction et édition  |9 869753 
700 |a Possoz, Jean-Philippe  |e direction et édition  |9 869754 
942 |2 ddc  |c BK 
952 |0 0  |1 0  |2 ddc  |4 0  |6 720_100000000000000_LEF_2021  |7 0  |8 A  |9 583249  |a BIBARQ  |b BIBARQ  |c GEN  |d 2022-05-24  |e Donación  |i 5651411  |l 1  |o 720.1 LEF 2021  |p 5651411  |r 2025-01-20  |s 2022-07-26  |t 1  |w 2022-05-24  |y BK  |k ARQ